书目信息 |
| 题名: |
区域生态环境遥感监测与评估实践研究
|
|
| 作者: | 卢远 著 | |
| 分册: | ||
| 出版信息: | 长春 东北师范大学出版社 2018.02 |
|
| 页数: | 223页 | |
| 开本: | 26cm | |
| 丛书名: | ||
| 单 册: | ||
| 中图分类: | X87 | |
| 科图分类: | ||
| 主题词: | 区域生态环境--环境遥感--环境监测--研究 | |
| 电子资源: | ||
| ISBN: | 978-7-5681-4196-3 | |
| 000 | 00979nam0 2200217 450 | |
| 001 | 5386 | |
| 005 | 20181015164024.62 | |
| 010 | @a978-7-5681-4196-3@dCNY52.00 | |
| 100 | @a20180913d2018 em y0chiy50 ea | |
| 101 | 0 | @achi |
| 102 | @aCN@b220000 | |
| 105 | @aab z 000yy | |
| 200 | 1 | @a区域生态环境遥感监测与评估实践研究@9qu yu sheng tai huan jing yao gan jian ce yu ping gu shi jian yan jiu@f卢远著 |
| 210 | @a长春@c东北师范大学出版社@d2018.02 | |
| 215 | @a223页@c图,地图@d26cm | |
| 330 | @a本书作者总结和归纳多年的科研经验与成果,以吉林西部、藏北高原为典型研究区开展生态环境遥感监测与评估研究。在本书中阐述了遥感技术作为主要研究手段,在土地退化监测、土地利用/土地覆盖变化、土地利用/覆盖变化的景观生态评价、土地利用变化定量分析、植被分类研究、区域生态系统生产力定量估测、区域植被变化分析等科研领域的应用。 | |
| 606 | 0 | @a区域生态环境@x环境遥感@x环境监测@x研究 |
| 690 | @aX87@v5 | |
| 701 | 0 | @a卢远@9lu yuan@4著 |
| 801 | 0 | @aCN@b91MARC@c20180913 |
| 905 | @aMuseLib@dX87@e281 | |
| 区域生态环境遥感监测与评估实践研究/卢远著.-长春:东北师范大学出版社,2018.02 |
| 223页:图,地图;26cm |
| ISBN 978-7-5681-4196-3:CNY52.00 |
| 本书作者总结和归纳多年的科研经验与成果,以吉林西部、藏北高原为典型研究区开展生态环境遥感监测与评估研究。在本书中阐述了遥感技术作为主要研究手段,在土地退化监测、土地利用/土地覆盖变化、土地利用/覆盖变化的景观生态评价、土地利用变化定量分析、植被分类研究、区域生态系统生产力定量估测、区域植被变化分析等科研领域的应用。 |
| ● |
| 相关链接 |
|
|
|
|
正题名:区域生态环境遥感监测与评估实践研究
索取号:X87/281
 
预约/预借
| 序号 | 登录号 | 条形码 | 馆藏地/架位号 | 状态 | 备注 |
| 1 | 1129455 | 211294552 | 第二样本阅览室/ [索取号:X87/281] | 在馆 | |
| 2 | 1129456 | 211294561 | 密集书库-生命科学系/ [索取号:X87/281] | 在馆 | |
| 3 | 1129457 | 211294570 | 第三借阅区/ [索取号:X87/281] | 在馆 | |
| 4 | 1129458 | 211294589 | 第三借阅区/ [索取号:X87/281] | 在馆 | |
| 5 | 1129459 | 211294598 | 第三借阅区/ [索取号:X87/281] | 在馆 |